Statistics for All Categories

Click here to take the quiz!

General Stats

  • This quiz has been taken 22 times
  • The average score is 6 of 10

Answer Stats

QuestionAnswer% Correct
What is the capital of Argentina?Buenos Aires
95%
Who wrote the novel The Great Gatsby?F. Scott Fitzgerald
85%
What is the only even prime number?2
80%
What is the capital city of New York State?Albony
80%
Who stars Marty McFly in the movie Back to the Future.Michael J. Fox
75%
In what year was the Battle of Hastings fought?1066
65%
What celestial object is Monday named after?Moon
65%
On what day did the Great Depression start?Tuesday
65%
How many squares are there on a chess board?204
10%
What Canadian province has the most Dairy Farms?Quebec
10%

Score Distribution

Percentile by Number Answered

Percent of People with Each Score

Your Score History

You have not taken this quiz